| 000 | 00716nam a2200205 a 4500 | ||
|---|---|---|---|
| 005 | 20210223121407.0 | ||
| 008 | 991125 19711978mx 000 0 spa u | ||
| 020 | _a9682300410 | ||
| 035 | _aUPN01000016937 | ||
| 049 | _aCG | ||
| 050 | 4 |
_aHC123 _bF8.38 |
|
| 100 | 1 | _aFurtado, Celso | |
| 245 | 1 | 3 |
_aLa economía latinoamericana : _bformación histórica y problemas contemporáneos / _cpor Celso Furtado ; tr. Angelina Gimpel Smith. |
| 260 |
_aMéxico : _bSiglo XXI, _c1971 (1978 impr.). |
||
| 300 |
_a362 p. : _btablas |
||
| 440 | 0 | _aEconomía y demografía | |
| 650 | 4 |
_aECONOMIA - _xHISTORIA - _zAMERICA LATINA _916795 |
|
| 651 | 4 |
_aAMERICA LATINA - _xCONDICIONES ECONOMICAS - _vBIBLIOGRAFIA _92748 |
|
| 905 | _aLibro | ||
| 999 |
_c16937 _d16937 |
||